000 00273nam a2200109Ia 4500
008 201217s9999 xx 000 0 und d
100 _aChristopher, Martin
245 0 _a(The) Strategy of distribution management
260 _aLondon
_bHeinemann
300 _a182
942 _cBK
999 _c7011
_d7011